[Event "DSIM-Finale"]
[Site "T#645894Emanuel Laske"]
[Date "2020.05.09"]
[Round "7"]
[White "Luis Engel"]
[Black "Georg Meier"]
[Result "1/2-1/2"]
[WhiteElo "1620"]
[BlackElo "2555"]
[Annotator "TA"]
[PlyCount "136"]
[EventDate "2020.05.09"]
[EventType "tourn (blitz)"]

{[%evp 12,136,26,27,35,41,37,41,32,40,39,33,32,34,22,25,33,13,13,13,13,4,18,0,4,0,0,0,7,0,0,0,0,-4,13,0,13,13,18,0,0,-7,0,0,0,0,0,0,0,-44,-45,-46,-43,-45,-43,-45,-45,-45,-46,-48,-48,-46,-46,-66,-45,-37,-41,-371,-45,-45,-58,-59,-52,-52,-59,-59,-57,-58,-58,-59,-59,-59,-59,-59,-59,-59,-18,-62,-9,-16,-23,-31,0,0,0,0,0,0,0,0,0,0,0,0,0,0,0,0,0,0,0,0,0,0,0,0,0,0,0,0,0,0,0,0,0,0,0]} 1. e4 e6 2. d4 d5 3. Nd2 dxe4 4. Nxe4 Nd7 5. Nf3 Ngf6 6. Nxf6+ Nxf6 7. g3 {7.c3 is a critical line.} Bd7 {C10: French with 3 Nc3: Unusual Black 3rd moves and 3...dxe4.} 8. Ne5 Bc6 9. Nxc6 Qd5 {White is slightly better.} 10. Rg1 {[#] aiming for Bg2.} Qxc6 11. Bg2 Qb6 12. c3 Bd6 13. Qb3 c6 {[#]} 14. Qxb6 $146 (14. Bf3 {feels hotter.} h5 15. Bg5 h4 16. gxh4 Kf8 17. Qc2) ({Predecessor:} 14. Ke2 O-O 15. Rd1 Qa6+ 16. c4 e5 17. dxe5 Bxe5 18. Kf1 Rfe8 19. h3 Qb6 20. Rb1 Qxb3 21. axb3 {0-1 (56) Vallejo Pons,F (2684)-Meier,G (2654) Berlin 2015}) 14... axb6 15. a3 b5 16. Bd2 Kd7 17. Ke2 Nd5 18. Rgd1 h5 19. h4 Rhe8 20. Bf3 g6 21. Bg5 Nb6 22. Kd3 Ra4 23. Kc2 Rea8 24. Rab1 Nd5 25. Bxd5 exd5 26. Re1 Re8 27. Rxe8 Kxe8 $11 {[%mdl 4096] Endgame KRB-KRB} 28. Re1+ Kd7 29. Re3 Ra8 30. Bf6 (30. Rf3 {looks sharper.} Ke8 31. Kd3 Ra4 32. Ke3 Ra6 33. Bf4) 30... Re8 31. Rxe8 Kxe8 $15 {KB-KB} 32. Bg5 Kd7 33. Kd3 Ke6 34. Ke2 Kf5 35. Kf3 f6 36. Be3 g5 37. Bd2 Bf8 38. hxg5 fxg5 39. Ke2 $2 {[%mdl 8192]} (39. Kg2 $15) 39... Bd6 $2 ({Black should try} 39... h4 $19 {And now ...h3 would win.} 40. gxh4 gxh4) 40. Kf3 $1 Bc7 41. Be3 Bd8 42. Bd2 g4+ 43. Ke2 Ke4 44. Be3 Be7 45. Bd2 h4 46. gxh4 Bxh4 47. Be3 Be7 48. Bd2 c5 49. Be3 c4 ({Better is} 49... b6 $15) 50. Bd2 Bd6 51. Be3 Bf4 52. Bxf4 {The position is equal.} Kxf4 $11 {KP-KP} 53. Ke1 $1 Kf5 (53... Kf3 $5) 54. Kd2 Kf4 (54... Ke4 $5) 55. Ke1 Kf3 56. Kf1 g3 (56... b6 {is interesting.} 57. Ke1 Ke4 58. Kd2 Kf3 59. Ke1) 57. fxg3 Kxg3 58. Ke2 Kg4 59. Ke3 Kg3 60. Ke2 Kf4 61. Kf2 Ke4 {[#] White must now prevent ...Kd3.} 62. Ke2 b6 63. Kd2 Kf3 64. Kd1 Ke3 65. Ke1 $1 Kd3 66. Kd1 $1 Ke3 67. Ke1 Kd3 68. Kd1 $1 Ke3 {Accuracy: White = 91%, Black = 89%.} 1/2-1/2

[Event "DSIM-Finale"]
[Site "T#645894Emanuel Laske"]
[Date "2020.05.09"]
[Round "8"]
[White "Christian Braun"]
[Black "Daniel Hausrath"]
[Result "1-0"]
[WhiteElo "2637"]
[BlackElo "1620"]
[Annotator "TA"]
[PlyCount "107"]
[EventDate "2020.05.09"]
[EventType "tourn (blitz)"]

{[%evp 22,107,15,3,8,0,0,-26,-29,-33,-30,-33,15,0,16,25,27,22,112,112,113,114,129,127,128,131,144,136,136,131,139,135,146,118,141,142,163,165,158,47,39,28,45,0,0,0,6,5,41,43,760,509,466,288,324,310,321,322,311,307,345,177,311,308,1103,1005,894,628,595,593,29998,637,622,622,622,622,622,622,1044,994,4551,4226,29981,29980,29980,29981,29976,29976]} 1. e4 c5 2. Nf3 Nc6 3. Bb5 Nf6 4. e5 Nd5 5. Nc3 Nc7 6. Bxc6 dxc6 7. h3 g6 8. O-O Bg7 9. Re1 O-O 10. d3 Ne6 11. Ne4 b6 12. Neg5 Nd4 {B31: Sicilian: 2...Nc6 3 Bb5 g6.} 13. Nxd4 cxd4 14. e6 f6 {Black has an edge.} 15. Nf7 Qd5 16. Qe2 {[#]} g5 $146 ({Predecessor:} 16... c5 17. a4 Re8 18. Nh6+ Kf8 19. c4 dxc3 20. bxc3 Bb7 21. Qf1 g5 22. c4 Qxg2+ 23. Qxg2 Bxg2 24. Kxg2 Bxh6 {½-½ (61) Schneider,H (2165)-Kurgansky,V (2391) ICCF email 2014}) 17. f4 Qxe6 18. Qxe6 Bxe6 19. Nxg5 Bd5 (19... fxg5 $11 {keeps the balance.} 20. Rxe6 {[%mdl 64] Double Attack} gxf4) 20. Ne6 $16 Bxe6 21. Rxe6 {[%mdl 64] Double Attack} Kf7 22. f5 $1 h5 23. Bf4 (23. Rxc6 $6 Rfc8 $11) 23... Rac8 24. Rae1 Rfe8 25. b3 Bf8 26. Kf2 Red8 27. a4 Rd5 28. g4 b5 {[#]} 29. Ra1 $1 a5 30. axb5 (30. Kf3 $16) 30... cxb5 $14 31. Rxa5 {Black must now prevent Ra2.} Rxc2+ 32. Re2 Rc3 33. Kf3 $36 {[%mdl 2048] aiming for Ke4. White is more active.} Rxb3 34. Ke4 Rc5 35. gxh5 e5 $2 {[%mdl 8192] Loses the game.} (35... Rb1 $14) 36. fxe6+ Kxe6 37. h6 Rh5 38. Ra6+ ({Worse is} 38. Kxd4+ Kf5 $11) 38... Kf7 39. Ra7+ Ke6 40. h7 ({Inferior is} 40. Kxd4+ Kf5 $11) 40... Bc5 41. Rb7 (41. Rc7 $142 Ba3 42. Rc8 (42. Kxd4+ Kf5 $16) 42... Rxh7 43. Rc6+ Kf7 44. Rc7+ Be7 45. Kf5) 41... Rxh3 {[#]} (41... Rh4 $142 42. Kf3+ Kf5) 42. Bg3 $1 $18 {[%mdl 512]} f5+ $2 (42... Rb1 43. Kf3+ Kd5) (42... Rxg3 43. h8=Q) 43. Kf3+ Kf6 {[#]} 44. h8=Q+ $1 {[%mdl 512]} Rxh8 45. Be5+ {[%mdl 64] Skewer} Kg5 46. Bxh8 (46. Rg7+ $142 Kh6 47. Rh2#) 46... Rxd3+ 47. Kg2 b4 48. Rb5 Bd6 49. Be5 Bf8 50. Rf2 b3 {[#]} 51. Bxd4 $1 {[%mdl 512]} Rxd4 52. Rfxf5+ {White mates.} Kg4 53. Rxf8 Rd2+ 54. Rf2 {Accuracy: White = 64%, Black = 50%.} 1-0

[Event "DSIM-Finale"]
[Site "T#645894Emanuel Laske"]
[Date "2020.05.09"]
[Round "8"]
[White "Georg Meier"]
[Black "Ilja Schneider"]
[Result "1-0"]
[WhiteElo "2555"]
[BlackElo "1620"]
[Annotator "TA"]
[PlyCount "123"]
[EventDate "2020.05.09"]
[EventType "tourn (blitz)"]

{[%evp 9,123,25,27,8,8,5,8,7,32,18,18,18,18,18,18,18,18,20,22,14,23,19,23,32,74,84,73,8,75,83,126,126,127,107,167,70,199,199,219,224,228,216,223,198,214,216,213,217,209,167,233,215,258,176,162,77,78,85,140,78,123,116,161,156,156,156,218,177,152,77,71,42,172,141,145,96,203,107,164,163,160,149,186,179,204,169,280,276,241,181,293,258,298,285,323,262,1334,1306,3217,3146,2729,2706,2427,2263,2230,1866,1432,4918,4914,4914,11083,29964,29976,29977,29978,29978]} 1. Nf3 d5 2. g3 Nf6 3. Bg2 Bg4 4. h3 Bh5 5. O-O c6 6. d3 {A07: Réti Opening: New York and Capablanca Systems.} e6 7. c4 Nbd7 {[%cal Bb8d7,Bd7c5,Bc5d3,Bd3b4,Bb4c2][%mdl 32]} 8. cxd5 {The position is equal.} cxd5 9. Qb3 Nc5 10. Qb5+ {[#]} Nfd7 $146 ({Predecessor:} 10... Qd7 11. Nc3 a6 12. Qxd7+ Ncxd7 13. Bf4 Be7 14. Rac1 O-O 15. Rc2 h6 16. Rfc1 g5 {1-0 (54) Meier,G (2639)-Dreev,A (2649) chess.com INT 2018}) 11. d4 a6 12. Qb4 Nd3 13. Qxb7 Nb4 $1 14. Bf4 $36 {[%mdl 2048] White is more active.} Nc2 15. Rc1 Nxa1 16. e4 Be7 {...dxe4 is the strong threat.} 17. exd5 O-O 18. Nc3 (18. dxe6 $1 $16 fxe6 19. Nc3) 18... Qc8 (18... g5 $11 19. dxe6 gxf4 20. exd7 fxg3 21. fxg3 Rb8) 19. Qc6 $16 Qxc6 20. dxc6 Nb6 21. Rxa1 Rac8 (21... Bxf3 $16 22. Bxf3 g5) 22. Ne5 (22. g4 $1 $18) 22... Rfd8 {[#]} (22... f6 $14 23. Nd7 Nxd7 24. cxd7 Rc4) 23. c7 $1 $18 {[%cal Rc7d8][%mdl 512]} Rxd4 (23... Rxc7 24. Nxf7) 24. Nc6 Rd7 25. Nxe7+ Rxe7 26. Bb7 Rcxc7 27. Bxc7 Rxc7 28. Bxa6 Bf3 29. a4 g5 (29... Nc4 $142 30. Bxc4 Rxc4) 30. Bf1 Nc4 31. Bxc4 Rxc4 {[%mdl 4096] Endgame KRB-KRN} 32. Kf1 (32. a5 $18 {and White stays clearly on top.}) 32... Rb4 $16 33. Ra2 Kf8 (33... Bb7 $142) 34. Ke1 (34. a5 $142) 34... h5 35. a5 h4 {[#]} 36. gxh4 $1 Rxh4 37. a6 Rxh3 (37... Ke7 $16 {was necessary.} 38. a7 Ba8) 38. a7 Ba8 39. Nb5 (39. Ra5 $142) 39... Ke7 40. Nc7 Bc6 ({Better is} 40... Rh8 $14) 41. a8=Q Bxa8 42. Nxa8 {KRN-KR} g4 (42... Rb3 $16) 43. Nc7 (43. Ra7+ $18 Kf8 44. Nb6) 43... g3 (43... Rb3 $16 44. Na6 Kd6) 44. fxg3 $18 Rxg3 45. Nb5 Rb3 46. Nc3 f5 47. Kd2 Kf6 (47... Kd6 {might work better.} 48. Ra6+ Ke5) 48. Kc2 Rb8 49. Ra6 f4 (49... Ke5 $142 50. Ra4 Rf8) 50. b4 {[%cal Bb2b4,Bb4b5][%mdl 32]} Kf5 51. b5 e5 52. Ra7 f3 $2 (52... e4 53. Re7 e3) 53. Rf7+ Kg4 54. Kd3 Rd8+ 55. Ke3 Rc8 56. Rg7+ Kf5 {[#]} 57. Ne4 $1 {[%cal Re4d6] White threatens Nd6+ and mate.} f2 58. Rf7+ Ke6 59. Rxf2 Rc1 60. Rb2 Kd5 61. b6 Re1+ 62. Kd2 {Accuracy: White = 70%, Black = 35%.} 1-0

[Event "DSIM-Finale"]
[Site "T#645894Emanuel Laske"]
[Date "2020.05.09"]
[Round "8"]
[White "Lizzy Paehtz"]
[Black "Luis Engel"]
[Result "1/2-1/2"]
[WhiteElo "2427"]
[BlackElo "1620"]
[PlyCount "124"]
[EventDate "2020.05.09"]
[EventType "tourn (blitz)"]

1. d4 {[%emt 0:00:04]} Nf6 {[%emt 0:00:01]} 2. Nf3 {[%emt 0:00:02]} d5 {[%emt 0:00:01]} 3. Bf4 {[%emt 0:00:03]} c5 {[%emt 0:00:01]} 4. e3 {[%emt 0:00:01]} e6 {[%emt 0:00:01]} 5. c3 {[%emt 0:00:02]} Bd6 {[%emt 0:00:01]} 6. Nbd2 {[%emt 0:00:02]} O-O {[%emt 0:00:01]} 7. Bd3 {[%emt 0:00:03]} Qc7 {[%emt 0:00:04]} 8. Bxd6 {[%emt 0:00:08]} Qxd6 {[%emt 0:00:00]} 9. Ne5 {[%emt 0:00:01]} Nc6 {[%emt 0:00:04]} 10. f4 {[%emt 0:00:01]} b6 {[%emt 0:00:11]} 11. O-O {[%emt 0:00:01]} Bb7 {[%emt 0:00:02]} 12. Qf3 {[%emt 0:00:05]} Ne7 {[%emt 0:00:06]} 13. g4 {[%emt 0:00:01]} Nd7 {[%emt 0:00:24]} 14. g5 {[%emt 0:00:06]} Nf5 {[%emt 0:00:06]} 15. Bb5 {[%emt 0:00:20]} Nxe5 {[%emt 0:00:05]} 16. fxe5 {[%emt 0:00:01]} Qe7 {[%emt 0:00:02]} 17. Qf4 {[%emt 0:00:02]} f6 {[%emt 0:00:08]} 18. gxf6 {[%emt 0:00:03]} gxf6 {[%emt 0:00:00]} 19. Kh1 {[%emt 0:00:01]} cxd4 {[%emt 0:00:06]} 20. exd4 {[%emt 0:00:02]} Kh8 {[%emt 0:00:04]} 21. Bd3 {[%emt 0:00:03]} fxe5 {[%emt 0:00:08]} 22. Qxe5+ {[%emt 0:00:01]} Qf6 {[%emt 0:00:03]} 23. Rae1 {[%emt 0:00:01]} Qxe5 {[%emt 0:00:09]} 24. Rxe5 {[%emt 0:00:06]} Ng7 {[%emt 0:00:02]} 25. Rxf8+ {[%emt 0:00:06]} Rxf8 {[%emt 0:00:00]} 26. Kg2 {[%emt 0:00:01]} Rf6 {[%emt 0:00:04]} 27. Nf3 {[%emt 0:00:02]} Kg8 {[%emt 0:00:08]} 28. Ng5 {[%emt 0:00:01]} h6 {[%emt 0:00:02]} 29. Nf3 {[%emt 0:00:02]} Kf7 {[%emt 0:00:04]} 30. h4 {[%emt 0:00:03]} Ke7 {[%emt 0:00:03]} 31. Kg3 {[%emt 0:00:03]} Kd6 {[%emt 0:00:04]} 32. Nh2 {[%emt 0:00:02]} Nf5+ {[%emt 0:00:11]} 33. Bxf5 {[%emt 0:00:02]} exf5 {[%emt 0:00:02]} 34. h5 {[%emt 0:00:09]} f4+ {[%emt 0:00:05]} 35. Kf3 {[%emt 0:00:02]} Bc8 {[%emt 0:00:01]} 36. Re8 {[%emt 0:00:10]} Bd7 {[%emt 0:00:04]} 37. Rg8 {[%emt 0:00:01]} Bf5 {[%emt 0:00:04]} 38. Rg7 {[%emt 0:00:13]} Be4+ {[%emt 0:00:05]} 39. Kf2 {[%emt 0:00:01]} f3 {[%emt 0:00:05]} 40. Ng4 {[%emt 0:00:03]} Rf5 {[%emt 0:00:05]} 41. Rg6+ {[%emt 0:00:04]} Kc7 {[%emt 0:00:01]} 42. Rxh6 {[%emt 0:00:01]} Rg5 {[%emt 0:00:01]} 43. Ne3 {[%emt 0:00:02]} a5 {[%emt 0:00:02]} 44. Rh8 {[%emt 0:00:04]} Kb7 {[%emt 0:00:02]} 45. b3 {[%emt 0:00:12]} Ka7 {[%emt 0:00:01]} 46. c4 {[%emt 0:00:01]} dxc4 {[%emt 0:00:05]} 47. bxc4 {[%emt 0:00:01]} b5 {[%emt 0:00:02]} 48. Re8 {[%emt 0:00:13]} Bc6 {[%emt 0:00:04]} 49. Re7+ {[%emt 0:00:01]} Bb7 {[%emt 0:00:03]} 50. h6 {[%emt 0:00:06]} bxc4 {[%emt 0:00:04]} 51. h7 {[%emt 0:00:06]} Rh5 {[%emt 0:00:01]} 52. d5 {[%emt 0:00:01]} c3 {[%emt 0:00:04]} 53. Kxf3 {[%emt 0:00:04]} Kb6 {[%emt 0:00:09]} 54. Ke4 {[%emt 0:00:07]} c2 {[%emt 0:00:06]} 55. Nxc2 {[%emt 0:00:14]} Bxd5+ {[%emt 0:00:02]} 56. Kd4 {[%emt 0:00:02]} Bxa2 {[%emt 0:00:01]} 57. Ne3 {[%emt 0:00:01]} Bb1 {[%emt 0:00:03]} 58. Nd5+ {[%emt 0:00:06]} Ka6 {[%emt 0:00:05]} 59. Re6+ {[%emt 0:00:17]} Ka7 {[%emt 0:00:02]} 60. Re7+ {[%emt 0:00:01]} Ka6 {[%emt 0:00:04]} 61. Re6+ {[%emt 0:00:15]} Ka7 {[%emt 0:00:02]} 62. Re7+ {[%emt 0:00:01]} Ka6 {[%emt 0:00:01] (Lag: Av=0.37s, max=0.8s)} 1/2-1/2

[Event "DSIM-Finale"]
[Site "T#645894Emanuel Laske"]
[Date "2020.05.09"]
[Round "8"]
[White "Vincent Keymer"]
[Black "Jonas Eilenberg"]
[Result "1-0"]
[WhiteElo "2243"]
[BlackElo "1620"]
[Annotator "NA"]
[PlyCount "45"]
[EventDate "2020.05.09"]
[EventType "tourn (blitz)"]

1. Nf3 {[%emt 0:00:01]} d5 {[%emt 0:00:01]} 2. e3 {[%emt 0:00:04]} Nf6 {[%emt 0:00:05]} 3. c4 {[%emt 0:00:01]} e6 {[%emt 0:00:01]} 4. Nc3 {[%emt 0:00:01]} Bd6 {[%emt 0:00:03]} 5. b3 {[%emt 0:00:01]} O-O {[%emt 0:00:02]} 6. Bb2 {[%emt 0:00:01]} c6 {[%emt 0:00:02]} 7. h3 {[%emt 0:00:02]} Nbd7 {[%emt 0:00:12]} 8. Qc2 {[%emt 0:00:02]} e5 {[%emt 0:00:07]} 9. cxd5 {[%emt 0:00:05]} cxd5 {[%emt 0:00:03]} 10. Nb5 {[%emt 0:00:01]} Bb8 {[%emt 0:00:06]} 11. Rc1 {[%emt 0:00:01]} a6 {[%emt 0:00:05]} 12. Nc7 {[%emt 0:00:02]} Bxc7 {[%emt 0:00:10]} 13. Qxc7 {[%emt 0:00:03]} Qxc7 {[%emt 0:00:09]} 14. Rxc7 {[%emt 0:00:00]} Re8 {[%emt 0:00:04]} 15. Be2 {[%emt 0:00:04]} a5 {[%emt 0:00:26]} 16. O-O {[%emt 0:00:04]} a4 {[%emt 0:00:01]} 17. Rfc1 {[%emt 0:00:21]} axb3 {[%emt 0:00:09]} 18. axb3 {[%emt 0:00:00]} b6 {[%emt 0:00:07]} 19. Bb5 {[%emt 0:00:04]} Rd8 {[%emt 0:01:15]} 20. Nxe5 {[%emt 0:00:03]} Nxe5 {[%emt 0:00:03]} 21. Bxe5 {[%emt 0:00:00]} Ne4 {[%emt 0:00:03]} 22. Bc6 {[%emt 0:00:07]} Ra5 {[%emt 0:00:18]} 23. b4 {[%emt 0:00:01] Zeit} 1-0

[Event "DSIM-Finale"]
[Site "T#645894Emanuel Laske"]
[Date "2020.05.09"]
[Round "8"]
[White "Alex Donchenko"]
[Black "Roven Vogel"]
[Result "1-0"]
[WhiteElo "1697"]
[BlackElo "2465"]
[Annotator "TA"]
[PlyCount "61"]
[EventDate "2020.05.09"]
[EventType "tourn (blitz)"]

{[%evp 14,61,16,14,18,11,20,18,45,50,44,31,28,10,14,0,0,0,0,-23,6,6,15,0,0,0,10,0,22,19,43,36,44,0,0,0,0,0,0,0,148,8,0,8,1156,1141,1107,1065,1738,1822]} 1. e4 e5 2. Nf3 Nc6 3. Bc4 Bc5 4. d3 Nf6 5. O-O d6 6. c3 h6 7. h3 O-O 8. Re1 a5 {is more profitable than 8...a6 at the moment. Played by Magnus Carlsen in May 2020. C54: Giuoco Piano: 4 c3 Nf6, main lines with 5 d4 and 5 d3.} 9. Nbd2 Re8 10. Nf1 Ne7 {[%cal Bc6e7,Be7d5,Bd5b6,Bb6d7][%mdl 32] The position is equal.} 11. d4 exd4 12. cxd4 Bb4 {[#]} 13. Bd2 $146 ({Predecessor:} 13. Re2 d5 14. e5 Ne4 15. Bd3 Nc6 16. a3 Bf8 17. Bxe4 dxe4 18. Rxe4 f6 19. Bf4 fxe5 20. Bxe5 Nxe5 21. Nxe5 {1-0 (71) Duda,J (2731)-Nakamura,H (2749) Saint Louis 2019}) 13... d5 14. exd5 Nexd5 15. Ne5 Be6 16. Ng3 Nb6 17. Bxe6 Rxe6 18. Bxb4 axb4 19. Nf5 Qd5 20. Qd3 Nbd7 {[%cal Rd7e5]} 21. Qg3 {[%csl Gf5][%cal Rg3g7] [#]} Nh5 22. Qh4 $1 {[%cal Rh4h5]} Nhf6 $1 23. Rac1 {aiming for Qg3.} (23. Re3 $5 {[%cal Re3g3]}) 23... c5 24. Qg3 {[%csl Gf5][%cal Rg3g7]} Nh5 25. Qh4 Nhf6 26. Nxd7 $40 {[%mdl 128] White is up to no good.} Qxd7 (26... Qxf5 $11 {keeps the balance.} 27. Nxf6+ (27. Nxc5 Rxe1+ 28. Rxe1 Rxa2 $15) 27... Qxf6 28. Qxf6 gxf6) 27. Red1 (27. Rxe6 $16 Qxe6 28. Rxc5) 27... Re4 $11 28. Nxh6+ $1 {[%cal Bf5h6,Bh6g4,Bg4e5][%mdl 32]} Kh7 $2 {[%mdl 8192]} (28... gxh6 $11 29. Qxf6 Ra6) 29. Ng4+ $1 $18 {[%mdl 64] [#] Discovered Attack. White is clearly winning.} Kg6 30. Ne5+ {[%mdl 64] Double Attack} Kf5 31. g4+ {Accuracy: White = 82%, Black = 59%.} 1-0

[Event "DSIM-Finale"]
[Site "T#645894Emanuel Laske"]
[Date "2020.05.09"]
[Round "8"]
[White "Matthias Blübaum"]
[Black "Nikolas Lubbe"]
[Result "0-1"]
[WhiteElo "1620"]
[BlackElo "1620"]
[Annotator "NA"]
[PlyCount "182"]
[EventDate "2020.05.09"]
[EventType "tourn (blitz)"]

1. d4 {[%emt 0:00:01]} Nf6 {[%emt 0:00:01]} 2. c4 {[%emt 0:00:01]} e6 {[%emt 0:00:01]} 3. Nc3 {[%emt 0:00:01]} d5 {[%emt 0:00:01]} 4. cxd5 {[%emt 0:00:01]} exd5 {[%emt 0:00:00]} 5. Bg5 {[%emt 0:00:01]} Be7 {[%emt 0:00:01]} 6. e3 {[%emt 0:00:01]} O-O {[%emt 0:00:01]} 7. Bd3 {[%emt 0:00:01]} Re8 {[%emt 0:00:01]} 8. h3 {[%emt 0:00:01]} h6 {[%emt 0:00:02]} 9. Bf4 {[%emt 0:00:01]} c5 {[%emt 0:00:03]} 10. Nf3 {[%emt 0:00:06]} Nc6 {[%emt 0:00:03]} 11. O-O {[%emt 0:00:13]} c4 {[%emt 0:00:11]} 12. Bc2 {[%emt 0:00:03]} a6 {[%emt 0:00:02]} 13. Ne5 {[%emt 0:00:05]} Bd6 {[%emt 0:00:18]} 14. Nxc6 {[%emt 0:00:10]} bxc6 {[%emt 0:00:00]} 15. Bxd6 {[%emt 0:00:01]} Qxd6 {[%emt 0:00:01]} 16. b3 {[%emt 0:00:00]} cxb3 {[%emt 0:00:38]} 17. axb3 {[%emt 0:00:00]} c5 {[%emt 0:00:03]} 18. Na4 {[%emt 0:00:36]} cxd4 {[%emt 0:00:03]} 19. Qxd4 {[%emt 0:00:00]} Bd7 {[%emt 0:00:11]} 20. Bd3 {[%emt 0:00:17]} Bxa4 {[%emt 0:00:08]} 21. Rxa4 {[%emt 0:00:03]} a5 {[%emt 0:00:17]} 22. Rfa1 {[%emt 0:00:05]} Rab8 {[%emt 0:00:13]} 23. Bc2 {[%emt 0:00:11]} Rec8 {[%emt 0:00:03]} 24. Bd1 {[%emt 0:00:10]} Rb4 {[%emt 0:00:09]} 25. Qd3 {[%emt 0:00:36]} Rxa4 {[%emt 0:00:08]} 26. Rxa4 {[%emt 0:00:01]} Rc1 {[%emt 0:00:09]} 27. Rxa5 {[%emt 0:00:14]} g6 {[%emt 0:00:07]} 28. Qd4 {[%emt 0:00:17]} Kg7 {[%emt 0:00:15]} 29. Ra1 {[%emt 0:00:04]} Rxa1 {[%emt 0:00:05]} 30. Qxa1 {[%emt 0:00:00]} Qb4 {[%emt 0:00:01]} 31. Bc2 {[%emt 0:00:06]} g5 {[%emt 0:00:09]} 32. Kf1 {[%emt 0:00:06]} Qb5+ {[%emt 0:00:04]} 33. Ke1 {[%emt 0:00:09]} Qb4+ {[%emt 0:00:01]} 34. Ke2 {[%emt 0:00:06]} Qb5+ {[%emt 0:00:01]} 35. Kd2 {[%emt 0:00:00]} Qb8 {[%emt 0:00:07]} 36. g3 {[%emt 0:00:02]} Qb5 {[%emt 0:00:03]} 37. Qd4 {[%emt 0:00:20]} Qf1 {[%emt 0:00:03]} 38. e4 {[%emt 0:00:01]} dxe4 {[%emt 0:00:01]} 39. b4 {[%emt 0:00:02]} Qxh3 {[%emt 0:00:18]} 40. b5 {[%emt 0:00:00]} Qe6 {[%emt 0:00:03]} 41. b6 {[%emt 0:00:01]} e3+ {[%emt 0:00:03]} 42. fxe3 {[%emt 0:00:02]} Qc6 {[%emt 0:00:01]} 43. e4 {[%emt 0:00:04]} Kf8 {[%emt 0:00:06]} 44. Qd8+ {[%emt 0:00:01]} Ne8 {[%emt 0:00:01]} 45. Qd4 {[%emt 0:00:07]} Nd6 {[%emt 0:00:02]} 46. e5 {[%emt 0:00:01]} Nc4+ {[%emt 0:00:01]} 47. Ke2 {[%emt 0:00:00]} Nxb6 {[%emt 0:00:01]} 48. Be4 {[%emt 0:00:01]} Qc7 {[%emt 0:00:01]} 49. e6 {[%emt 0:00:05]} Qc4+ {[%emt 0:00:03]} 50. Qxc4 {[%emt 0:00:02]} Nxc4 {[%emt 0:00:00]} 51. exf7 {[%emt 0:00:02]} Nd6 {[%emt 0:00:00]} 52. Bg6 {[%emt 0:00:02]} Nxf7 {[%emt 0:00:00]} 53. Ke3 {[%emt 0:00:05]} Kg7 {[%emt 0:00:02]} 54. Bh5 {[%emt 0:00:00]} Nd6 {[%emt 0:00:03]} 55. Bd1 {[%emt 0:00:02]} Kf6 {[%emt 0:00:01]} 56. g4 {[%emt 0:00:01]} Ke5 {[%emt 0:00:01]} 57. Bc2 {[%emt 0:00:01]} Nc4+ {[%emt 0:00:01]} 58. Kf3 {[%emt 0:00:01]} Kd4 {[%emt 0:00:03]} 59. Bh7 {[%emt 0:00:02]} Ne5+ {[%emt 0:00:00]} 60. Kg3 {[%emt 0:00:01]} Ke3 {[%emt 0:00:01]} 61. Bf5 {[%emt 0:00:01]} Nc6 {[%emt 0:00:03]} 62. Bh7 {[%emt 0:00:01]} Nd4 {[%emt 0:00:00]} 63. Bg6 {[%emt 0:00:01]} Ne2+ {[%emt 0:00:01]} 64. Kh2 {[%emt 0:00:01]} Kf4 {[%emt 0:00:01]} 65. Kh3 {[%emt 0:00:02]} Ng1+ {[%emt 0:00:02]} 66. Kg2 {[%emt 0:00:01]} Nf3 {[%emt 0:00:01]} 67. Kh3 {[%emt 0:00:03]} Ne5 {[%emt 0:00:02]} 68. Bh5 {[%emt 0:00:03]} Kf3 {[%emt 0:00:04]} 69. Be8 {[%emt 0:00:02]} Kf4 {[%emt 0:00:02]} 70. Bh5 {[%emt 0:00:01]} Nd3 {[%emt 0:00:01]} 71. Kg2 {[%emt 0:00:02]} Nc5 {[%emt 0:00:05]} 72. Kh3 {[%emt 0:00:03]} Ne4 {[%emt 0:00:01]} 73. Be8 {[%emt 0:00:12]} Nf2+ {[%emt 0:00:01]} 74. Kg2 {[%emt 0:00:00]} Nxg4 {[%emt 0:00:00]} 75. Bd7 {[%emt 0:00:01]} Nf6 {[%emt 0:00:01]} 76. Bc8 {[%emt 0:00:01]} h5 {[%emt 0:00:01]} 77. Bb7 {[%emt 0:00:01]} g4 {[%emt 0:00:01]} 78. Kh2 {[%emt 0:00:00]} h4 {[%emt 0:00:01]} 79. Bg2 {[%emt 0:00:01]} Ne4 {[%emt 0:00:02]} 80. Bf1 {[%emt 0:00:00]} Ng5 {[%emt 0:00:01]} 81. Bg2 {[%emt 0:00:01]} Nf3+ {[%emt 0:00:02]} 82. Kh1 {[%emt 0:00:01]} Kg3 {[%emt 0:00:01]} 83. Bh3 {[%emt 0:00:06]} Ne5 {[%emt 0:00:06]} 84. Bf1 {[%emt 0:00:04]} Kf2 {[%emt 0:00:03]} 85. Bg2 {[%emt 0:00:04]} Ng6 {[%emt 0:00:15]} 86. Be4 {[%emt 0:00:03]} Nf4 {[%emt 0:00:04]} 87. Bd5 {[%emt 0:00:04]} Nxd5 {[%emt 0:00:02]} 88. Kh2 {[%emt 0:00:01]} g3+ {[%emt 0:00:01]} 89. Kh1 {[%emt 0:00:00]} g2+ {[%emt 0:00:01]} 90. Kh2 {[%emt 0:00:00]} g1=Q+ {[%emt 0:00:00]} 91. Kh3 {[%emt 0:00:00]} Qg3# {[%emt 0:00:01] (Lag: Av=0.32s, max=0.7s) Matthias Blübaum gibt auf} 0-1